[Event "IECG CP.2001.P.00034"]
[Site "IECG email"]
[Date "2001.10.01"]
[Round "?"]
[White "Gerwert, Thomas"]
[Black "Paquin, Julie"]
[Result "1-0"]
[WhiteElo "2053"]
[BlackElo "1500"]
[PlyCount "23"]
[EventDate "2001.10.01"]
[EventType "tourn (corr)"]
[EventRounds "6"]
[SourceTitle "Corr 2008"]
[Source "ChessBase"]
[SourceDate "2008.06.24"]
[SourceVersion "1"]
[SourceVersionDate "2008.06.24"]
[SourceQuality "1"]

1. d4 f5 2. Bg5 g6 3. Nc3 Bg7 4. e4 fxe4 5. Nxe4 d5 6. Nc5 Qd6 7. Nf3 Bf6 8. Qd2 b6 9. Bf4 Qc6 10. Nd3 Bg4 11. Be2 Nd7 12. Nfe5 1-0